Distribučné systémy a logistika
Salvato in:
| Autore principale: | |
|---|---|
| Ente Autore: | |
| Altri autori: | |
| Natura: | Libro |
| Lingua: | slovacco |
| Pubblicazione: |
Bratislava
Vydavateľstvo EKONÓM
2004
|
| Edizione: | 2. vyd. |
| Soggetti: | |
| Tags: |
Nessun Tag, puoi essere il primo ad aggiungerne!!
|
MARC
| LEADER | 00000nam$a2200000$$$4500 | ||
|---|---|---|---|
| 001 | 0007052 | ||
| 005 | 20240502071351.5 | ||
| 020 | |a 80-225-1821-2 | ||
| 041 | 0 | |a slo | |
| 044 | |a SK | ||
| 245 | 1 | 0 | |a Distribučné systémy a logistika |c Kristína Viestová, Jana Štofilová |
| 250 | |a 2. vyd. | ||
| 264 | 1 | |a Bratislava |b Vydavateľstvo EKONÓM |c 2004 | |
| 300 | |a 299 s. | ||
| 610 | 2 | 0 | |a distribúcia |
| 610 | 2 | 0 | |a siete maloobchodné |
| 610 | 2 | 0 | |a financie |
| 610 | 2 | 0 | |a logistika |
| 610 | 2 | 0 | |a metódy matematické |
| 100 | 1 | |a Viestová, Kristína | |
| 700 | 1 | |a Štofilová, Jana | |
| 710 | 2 | |a Ekonomická univerzita v Bratislave. Obchodná fakulta | |